ბათუმის შოთა რუსთაველის სახელმწიფო უნივერსიტეტის ბიბლიოთეკა

საქართველოს სახალხო მეურნეობის მუშაკთა სოციალისტური ვალდებულებანი 1970 წლის გეგმის ვადამდე შესრულებისათვის. (ბიბ.ჩანაწერი № 63767)

000 -ლიდერი
ფიქსირებული სიგრძის საკონტროლო ველი 00921nam a22001697a 4500
003 - საკონტროლო ნომრის იდენტიფიკატორი
საკონტროლო ველი Ge_BSU
005 - ბოლო ოპერაციის თარიღი და დრო
საკონტროლო ველი 20260109203646.0
008 - ფიქსირებული სიგრძის მონაცემთა ელემენტები - ზოგადი ინფორმაცია
ფიქსირებული სიგრძის საკონტროლო ველი 260109s1970 ge ||||| |||| 00| 0 geo d
041 ## - ენის კოდი
Language code of text/sound track or separate title geo
080 ## - უნივერსალური ათობითი კლასიფიკაციის ინდექსი
Universal Decimal Classification number 331.101.386(479.22) ს-32
245 ## - ცნობა სათაურის შესახებ
Title საქართველოს სახალხო მეურნეობის მუშაკთა სოციალისტური ვალდებულებანი 1970 წლის გეგმის ვადამდე შესრულებისათვის.
264 ## - წარმოების, გამოცემის, დისტრიბუციის და სხვა ცნობები
გამოცემის, წარმოების, დისტრიბუციის... ადგილი თბ. :
გამოცემის, წარმოების, დისტრიბუციის... სახელწოდება საქ. კპ ცკ-ის გამ-ბა,
გამოცემის, წარმოების, დისტრიბუციის... თარიღი 1970.
300 ## - ფიზიკური აღწერა
Extent 33 გვ. ;
Other physical details 20 სმ.
500 ## - ზოგადი შენიშვნა
General note ტექსტი პარალ. ქართ. და რუს. ენ.
თავფ. ქართ. და რუს. ენ.
653 ## - INDEX TERM--UNCONTROLLED
Uncontrolled term სოციალისტური შეჯიბრება.
942 ## - ADDED ENTRY ELEMENTS (KOHA)
Source of classification or shelving scheme
Koha item type წიგნი
ეგზემპლარები
ჩამოწერის სტატუსი დაკარგული ეგზემპლარის სტატუსი კლასიფიკაციის წყარო ან თაროზე გაწყობის სქემა დაზიანების სტატუსი არ გაიცემა მუდმივი მდებარეობა (დაცვის ადგილი) ამჟამინდელი ადგილსამყოფელი თაროზე განთავსების ადგილი შეძენის თარიღი ღირებულება, შესყიდვის ნორმალური ფასი სრული შენახვის შიფრი შტრიხკოდი ბოლო ოპერაციის თარიღი ეგზემპლარის მიმდევრობითი ნომერი (კეტერი?) ფასის ძალაში შესვლის თარიღი ეგზემპლარის სახეობა საჯარო შენიშვნა
          ბათუმის შოთა რუსთაველის სახელმწიფო უნივერსიტეტის მთავარი ბიბლიოთეკა ბათუმის შოთა რუსთაველის სახელმწიფო უნივერსიტეტის მთავარი ბიბლიოთეკა წიგნსაცავი 2026-01-09 0.10 331.101.386(479.22) ს-32 73395 2026-01-09 73395 2026-01-09 წიგნი 0.10 თ.
          ბათუმის შოთა რუსთაველის სახელმწიფო უნივერსიტეტის მთავარი ბიბლიოთეკა ბათუმის შოთა რუსთაველის სახელმწიფო უნივერსიტეტის მთავარი ბიბლიოთეკა წიგნსაცავი 2026-01-09 0.10 331.101.386(479.22) ს-32 73396 2026-01-09 73396 2026-01-09 წიგნი 0.10 თ.